00550nam a22001097a 4500040000800000082002700008100001800035245024600053260002600299300002800325856008700353 cRUA aAGR VUT 2013 B057 Or.1 aVUTHY, NIMOL. aStudy on degree of golden apple snail damage on five rice variety, ការសិក្សាពីកំរិតនៃការបំផ្លាញខ្យងមាសស៊ីស្រូវលើពូជស្រូវទាំង៥ aPhnom PenhbRUAcill. axiii; 59p.bill.c29cm. uhttps://drive.google.com/file/d/1yuN0qPAPuWDzWX5IkP7n2OHUqDHasba8/view?usp=sharing